000 00552nam a2200181 a 4500
001 000035660
005 20200930074518.0
008 111108s2008 dr 000 0 spa d
040 _aDO-SdBNP
_bspa
_cBNPHU
082 _a306.42
_bS237c
100 1 _aSantos, Jochy
_98285
245 1 3 _aEl club de los super sabios /
_cJochy Santos.
260 _aSanto Domingo :
_bTele 3,
_c2008.
300 _a148 p. ;
_c22 cm.
590 _aInventariado,2018/DG
650 4 _aCultura
_xPreguntas y respuestas, etc.
_961584
910 _aValidado. Control de calidad EMS.
999 _c35151
_d35151